00331pab a2200133 454500008004000000100001700040245006500057260000900122300001300131362001200144650001800156650001000174773001300184180718b2010 xxu||||| |||| 00| 0 eng d aSharma, Ekta aEntrepreneurial drive among Indian women: An empirical study c2010 ap.47-58. aOct-Dec aWomen - India aWomen aAbhigyan